00528 2200217 4500001002100000005001700021008004100038035002400079082001200103090002200115100001200137245002600149250001000175260003100185300002400216650002100240850001500261980001300276985000600289999001500295YOGYA-0209000003238720090227024659.0 ind  0010-020900000032387 a633.635 a633.635bKun HlT aKUNCORO aHasta karyacKuntjoro aCet.2 aJakartabIndra Pressc1984 a54 hlmbilusc21 cm aPertanian, Hasil aYOPDYOG(B) a13-12-06 a1 a06A0018646